Stalingrado

Saved in:
Bibliographic Details
Main Author: Beevor, Antony (Author)
Format: Book
Language:Spanish
Published: Barcelona Crítica 2002
Edition:3a. ed
Series:Memoria Crítica
Subjects:
Tags: Add Tag
No Tags, Be the first to tag this record!

MARC

LEADER 00000nam a2200000 a 4500
001 UCI3387
003 CL-VaPUC
008 071026e20020000SP |||||||||||||||||spa|d
020 |a 8484321290 
082 0 4 |a 940.54  |b BEE  |2 21 
100 0 |a Beevor, Antony  |e author  |9 524743 
245 1 0 |a Stalingrado 
250 |a 3a. ed 
300 |a 452 p 
942 |c BK 
945 |d 20071026 00:00:00  |a jtorresc 
260 |a Barcelona  |b Crítica  |c 2002 
650 0 |a Segunda Guerra Mundial  |9 325982 
650 7 |a BATALLAS  |2 CL-VaPUC  |9 376940 
651 7 |a STALINGRADO  |2 CL-VaPUC  |9 441551 
651 0 |a Rusia   |9 256106 
583 |a last modification  |c 20071026 00:00:00  |k Rodrigo Vera 
490 0 |a Memoria Crítica 
999 |c 327617  |d 327615 
952 |0 0  |1 0  |4 0  |6 940_540000000000000_BEE_2002  |7 0  |8 A  |9 410703  |a BIBHIS  |b BIBHIS  |d 2019-11-22  |i 4383001  |l 1  |o 940.54 BEE 2002  |p 4383001  |r 2025-01-20  |s 2023-06-20  |w 2019-11-22  |y BK  |k HIS